Top Produzierende (U.S.) Bundestaaten pro Produkt - Statistiken

Allgemein
  • Dieses Quiz wurde 74 mal gespielt
  • Das Durchschnittsergebnis liegt bei 12 aus 20
Antwortstatistiken
Produkt Bundesstaat % Korrekt
Öl Texas
94%
Wein Kalifornien
88%
Äpfel Washington
85%
Zuckerrohr Florida
78%
Lachs (wild) Alaska
77%
Hummer Maine
66%
Autos Michigan
66%
Türkis Arizona
58%
Kaffee Hawaii
58%
Weizen North Dakota
58%
Kartoffeln Idaho
55%
Holz Oregon
55%
Erdnüsse Georgia
54%
Tabak North Carolina
54%
Mais Iowa
51%
Käse Wisconsin
51%
Tabascosauce Louisiana
49%
U.S. Münzen Pennsylvania
42%
Ahornsyrup Vermont
38%
Kohle Wyoming
35%
Keine übereinstimmenden Quizze gefunden
Verteilung der Resultate
Anzahl Personen mit jedem Resultat
Perzentil nach korrekt beantworteten Fragen
Ihre Resultats-Entwicklung
Sie haben dieses Quiz noch nicht gespielt